000 00409nam a2200169Ia 4500
001 1212
008 140313s9999 xx 000 0 und d
020 _a91406102
040 _cPK-LaUMT
082 _a 294.3927
_bKAP-Z
100 _aPhilip Roshi Kapleau
245 _aZen:
_bDawn in the west.
_cPhilip Roshi Kapleau
260 _aLondon, UK:
_bRider,
_c1979.
300 _a311 p.
546 _aEN
942 _cBK
999 _c1521
_d1521